000 00290nam a22001337a 4500
008 170922b xxu||||| |||| 00| 0 eng d
020 _a9780944210093
041 _aeng
080 _a37
100 _a46
101 _aEDU
245 _aVOICES AND VALUES
_cGOLDSTEIN, J.M
942 _2udc
_cBK
999 _c29116
_d29116